00771nam a22002297a 450000500170000001000140001702000260003103500130005703700130007008200110008310000240009424500570011825000210017526000400019627000390023630000260027550000190030165000430032094200250036399900170038895201360040520100811152726.0 aENG-99796 a9788125927969c250.00 aEN-83328 bDBAD/PUB a370.72 aKoul, Lokesh911660 aMethodology of educational reserch /cby Lokesh Koul a4th rev & enl ed aNoidabVikas Publishing Housec2009 aA-22 Sector-4,bNoidae201301 (UP) axii,532p.c25cm (pbk) aIncludes index aEducationxResearch Methodology911661 2ddccENh370.72mKOU c41096d41096 001040718NFICaDBADbDBADd2010-08-11eDBAD/PUBg250.00l0o370.72 KOUpEN-83328r2010-08-11 00:00:00t1v250.00w2010-08-11yEN